Länder, die den Kosovo am meisten besuchen - Statistiken

Allgemein
  • Dieses Quiz wurde 309 mal gespielt
  • Das Durchschnittsergebnis liegt bei 6 aus 10
Antwortstatistiken
Besucher Land % Korrekt
2,750 Deutschland
96%
301 Frankreich
73%
500 Österreich
73%
1,628 Vereinigte Staaten
73%
1,938 Italien
72%
871 Kroatien
57%
1,251 Vereinigtes Königreich
53%
37 Griechenland
51%
43 Belgien
44%
278 Niederlande
42%
Keine übereinstimmenden Quizze gefunden
Verteilung der Resultate
Anzahl Personen mit jedem Resultat
Perzentil nach korrekt beantworteten Fragen
Ihre Resultats-Entwicklung
Sie haben dieses Quiz noch nicht gespielt